Biblioteca

La esperanza que nace del amor de los mártires (Registro nro. 49916)

Detalles MARC
000 -LÍDER
Campo fijo de descripción fija 00864aab a2200205 i 4500
001 - NÚMERO DE CONTROL
Campo de control 768714001
003 - IDENTIFICADOR DEL NÚMERO DE CONTROL
Campo de control CO-MdFUSB
005 - FECHA Y HORA DE LA ULTIMA TRANSACCIÓN
control field 20230426112743.0
008 - ELEMENTOS DE LONGITUD FIJA -- INFORMACIÓN GENERAL
Campo fijo de descripción fija -- Información general 221108s2003 ||||| |||| 00| 0 spa d
040 ## - FUENTE DE CATALOGACIÓN
Idioma de catalogación spa
Agencia que realiza la transcripción CO-MdFUSB
Agencia que realiza la modificación CO-MdFUSB
041 ## - CÓDIGO DE IDIOMA
Código de idioma para texto/pista de sonido o título separado spa
100 1# - ASIENTO PRINCIPAL--NOMBRE PERSONAL
Nombre personal Hernández, Juan (1921- )
Término relacionador autor
245 13 - TÍTULO
Título La esperanza que nace del amor de los mártires
Mención de responsabilidad / Juan Hernández
300 ## - DESCRIPCIÓN FÍSICA
Extensión Número 299 (febrero 2003), Páginas 149-159
Dimensiones ; 21 cm
520 ## - NOTA DE RESUMEN, ETC.
Nota de sumario, etc. En un primer momento, la muerte de los mártires no genera esperanza. De ella naca más bien una profunda frustración, un horror indescriptible, una aguda cólera, una pavorosa indefensión y una grave desesperanza.
650 #0 - ASIENTO SECUNDARIO DE MATERIA - TERMINO TEMÁTICO
9 (RLIN) 1113
Término temático o nombre geográfico como elemento de entrada Esperanza de vida
653 ## - TÉRMINO DE INDIZACIÓN - NO CONTROLADO
Término no controlado Mártires
773 0# - ASIENTO DE ITEM FUENTE
Título Concilium
Biblionumber 49450
Itemnumber 60414
Parte(s) relacionada(s) / Volumen., número. (mes año), páginas Número 299 (febrero 2003), Páginas 149-159
Enumeración y primera página Páginas 149
942 ## - TIPO DE MATERIAL (KOHA)
Tipo de Item KOHA Artículos de Revista

No hay ítems disponibles.

Biblioteca FUSBC | Teléfono: (57+4) 349 88 10 Ext. 141| WhatsApp (+57) 3005338115 
E-mail: biblioteca@unisbc.edu.co | Calle 76 87-14 Robledo Palenque, Medellín, Colombia

Con tecnología Koha